[Event "Kragero op"]
[Site "Kragero"]
[Date "2020.02.19"]
[Round "1"]
[White "Abdrlauf, Elham"]
[Black "Olsen, Robin"]
[Result "1-0"]
[WhiteElo "2381"]
[BlackElo "2025"]
[PlyCount "103"]
[EventDate "2020.02.19"]
[EventType "swiss"]
[EventRounds "9"]
[EventCountry "NOR"]
[SourceTitle "CBM 195 Extra"]
[Source "ChessBase"]
[SourceDate "2020.05.31"]
[SourceVersion "1"]
[SourceVersionDate "2020.05.31"]
[SourceQuality "1"]

1. e4 c6 2. c4 d5 3. exd5 cxd5 4. d4 Nf6 5. Nc3 g6 6. Bg5 Bg7 7. Bxf6 Bxf6 8. cxd5 0-0 9. Nf3 Nd7 10. Qb3 Nb6 11. h3 e6 12. d6 Qxd6 13. Ne4 Qd8 14. Nxf6+ Qxf6 15. Bd3 Bd7 16. Be4 Bc6 17. Bxc6 bxc6 18. 0-0 Rac8 19. Rac1 Qd8 20. Rc5 Nd7 21. Rc3 c5 22. Rfc1 Rb8 23. Qa3 cxd4 24. Nxd4 Ne5 25. Qc5 Qf6 26. Nb3 Rbd8 27. Qe3 g5 28. Rc5 Rd5 29. Rxd5 exd5 30. Qxa7 Nd3 31. Rd1 Qxb2 32. Qe3 Nf4 33. g3 Ne6 34. Nd4 Qb6 35. Qe5 Nxd4 36. Rxd4 h6 37. Qxd5 Re8 38. Kg2 Kg7 39. a4 Re6 40. h4 Qc6 41. hxg5 hxg5 42. Qxc6 Rxc6 43. a5 f5 44. Rb4 Rc5 45. Ra4 Rc7 46. a6 Ra7 47. g4 Kf6 48. Kf3 fxg4+ 49. Kxg4 Ke5 50. Kxg5 Rg7+ 51. Kh6 Ra7 52. Kg6 1-0

[Event "Nordstrand GP A"]
[Site "Oslo"]
[Date "2018.04.22"]
[Round "5"]
[White "Olsen, Robin"]
[Black "Digernes, Magnus"]
[Result "1-0"]
[WhiteElo "2087"]
[BlackElo "1854"]
[PlyCount "23"]
[EventDate "2018.04.20"]
[EventType "swiss"]
[EventRounds "5"]
[EventCountry "NOR"]
[SourceTitle "EXT 2024"]
[Source "ChessBase"]
[SourceDate "2023.10.10"]
[SourceVersion "1"]
[SourceVersionDate "2023.10.10"]
[SourceQuality "1"]

1. d4 Nf6 2. c4 g6 3. Nc3 Bg7 4. e4 d6 5. f3 c6 6. Be3 a6 7. Qd2 Nbd7 8. Nh3 b5 9. Nf2 Nb6 10. b3 h5 11. Rc1 Nfd7 12. c5 1-0

[Event "NOR-ch Elite qual"]
[Site "Oslo"]
[Date "2018.04.06"]
[Round "1.2"]
[White "Olsen, Robin"]
[Black "Machlik, Endre"]
[Result "1/2-1/2"]
[WhiteElo "2087"]
[BlackElo "2127"]
[PlyCount "76"]
[EventDate "2018.04.06"]
[EventType "team-tourn"]
[EventRounds "3"]
[EventCountry "NOR"]
[SourceTitle "CBM 183 Extra"]
[Source "ChessBase"]
[SourceDate "2018.04.19"]
[SourceVersion "1"]
[SourceVersionDate "2018.04.19"]
[SourceQuality "1"]
[WhiteTeam "Moss"]
[BlackTeam "Tromsoe"]
[WhiteTeamCountry "NOR"]
[BlackTeamCountry "NOR"]

1. d4 Nf6 2. c4 e6 3. Nf3 Bb4+ 4. Nbd2 0-0 5. a3 Bxd2+ 6. Bxd2 b6 7. Bg5 Bb7 8. e3 d6 9. Be2 Nbd7 10. 0-0 Qe8 11. Nd2 Ne4 12. Nxe4 Bxe4 13. f3 Bb7 14. e4 f5 15. exf5 exf5 16. Bd3 Qf7 17. Qc2 Rae8 18. Bf4 Qf6 19. Qf2 c5 20. d5 Ne5 21. Be2 Ng6 22. Bc1 b5 23. Rd1 Qe5 24. Bf1 bxc4 25. Bxc4 Nf4 26. Bxf4 Qxf4 27. b3 Qh6 28. Re1 Qf6 29. Rac1 f4 30. Rxe8 Rxe8 31. Re1 Rxe1+ 32. Qxe1 Qd4+ 33. Kf1 Kf8 34. Qe6 Qd1+ 35. Kf2 Qd2+ 36. Kf1 Qd1+ 37. Kf2 Qd2+ 38. Kf1 Qd1+ 1/2-1/2

[Event "Goteborg op"]
[Site "Molnlycke"]
[Date "2015.08.16"]
[Round "8"]
[White "Olsen, Robin"]
[Black "Fries Nielsen, Jens Ove"]
[Result "0-1"]
[WhiteElo "2071"]
[BlackElo "2434"]
[PlyCount "76"]
[EventDate "2015.08.14"]
[EventType "swiss"]
[EventRounds "8"]
[EventCountry "SWE"]
[SourceTitle "CBM 167 Extra"]
[Source "ChessBase"]
[SourceDate "2015.09.14"]
[SourceVersion "1"]
[SourceVersionDate "2015.09.14"]
[SourceQuality "1"]

1. d4 Nf6 2. c4 e6 3. Nf3 c5 4. d5 exd5 5. cxd5 d6 6. Nc3 Na6 7. e4 Nc7 8. a4 a6 9. Be2 Rb8 10. a5 Be7 11. 0-0 0-0 12. Nd2 Bd7 13. f4 Bb5 14. Nc4 Nd7 15. e5 Bxc4 16. Bxc4 b5 17. axb6 Rxb6 18. Re1 Qb8 19. Qg4 f5 20. Qe2 Kh8 21. g4 dxe5 22. fxe5 Rg6 23. h3 Nxe5 24. Qxe5 Bd6 25. Qe2 Qd8 26. g5 f4 27. h4 f3 28. Qf2 Qd7 29. Re6 Nxe6 30. dxe6 Rxe6 31. Bxe6 Qxe6 32. Ra4 c4 33. Be3 Qg4+ 34. Kh1 Bg3 35. Qd2 Qxh4+ 36. Kg1 f2+ 37. Bxf2 Qh2+ 38. Kf1 Rxf2+ 0-1

[Event "NOR-chB"]
[Site "Oslo"]
[Date "2015.07.11"]
[Round "9"]
[White "Olsen, Robin"]
[Black "Johnsen, Kjell Magne"]
[Result "1-0"]
[WhiteElo "1957"]
[BlackElo "2027"]
[PlyCount "79"]
[EventDate "2015.07.04"]
[EventType "swiss"]
[EventRounds "9"]
[EventCountry "NOR"]
[SourceTitle "EXT 2017"]
[Source "ChessBase"]
[SourceDate "2016.10.25"]
[SourceVersion "1"]
[SourceVersionDate "2016.10.25"]
[SourceQuality "1"]

1. d4 Nf6 2. c4 e6 3. Nf3 Bb4+ 4. Nbd2 d5 5. a3 Be7 6. Qc2 b6 7. e4 dxe4 8. Nxe4 Bb7 9. Bd3 c5 10. dxc5 bxc5 11. 0-0 Qc7 12. Bg5 Nc6 13. Nxf6+ Bxf6 14. Bxf6 gxf6 15. Rfe1 h5 16. Be4 f5 17. Bxf5 0-0-0 18. Be4 h4 19. h3 Rdg8 20. Kf1 f5 21. Bxc6 Qxc6 22. Qe2 Rh6 23. Qe5 Rxg2 24. Kxg2 Qxf3+ 25. Kf1 Qd3+ 26. Re2 Qxh3+ 27. Ke1 Qh1+ 28. Kd2 Qxa1 29. Qxc5+ Kd7 30. Qd4+ Kc8 31. Re1 Qa2 32. Re5 Bc6 33. Kc3 Rh7 34. Rxe6 Rc7 35. Qc5 Ba4 36. Qf8+ Kb7 37. Qb4+ Kc8 38. Qxa4 Rd7 39. Qc6+ Kd8 40. Qa8+ 1-0

[Event "NOR-chB"]
[Site "Oslo"]
[Date "2015.07.06"]
[Round "4"]
[White "Thingstad, Even"]
[Black "Olsen, Robin"]
[Result "0-1"]
[WhiteElo "2221"]
[BlackElo "1957"]
[PlyCount "74"]
[EventDate "2015.07.04"]
[EventType "swiss"]
[EventRounds "9"]
[EventCountry "NOR"]
[SourceTitle "EXT 2017"]
[Source "ChessBase"]
[SourceDate "2016.10.25"]
[SourceVersion "1"]
[SourceVersionDate "2016.10.25"]
[SourceQuality "1"]

1. d4 Nf6 2. c4 c5 3. d5 b5 4. cxb5 a6 5. bxa6 Bxa6 6. Nc3 g6 7. Nf3 d6 8. g3 Bg7 9. Bg2 Nfd7 10. 0-0 Nb6 11. Re1 N8d7 12. Qc2 Nc4 13. b3 Qa5 14. bxc4 Qxc3 15. Qxc3 Bxc3 16. Bh6 Bxe1 17. Rxe1 Bxc4 18. e4 Rxa2 19. e5 dxe5 20. Nxe5 Nxe5 21. Bg7 Rg8 22. Bxe5 Kd7 23. Rb1 Ba6 24. d6 e6 25. Bb7 Bd3 26. Rb6 Rc8 27. Bxc8+ Kxc8 28. Rb8+ Kd7 29. Rb7+ Kc6 30. d7 Rd2 31. Rc7+ Kb6 32. f3 Ba6 33. Bf4 Rd1+ 34. Kf2 g5 35. Rc8 Rxd7 36. Rb8+ Ka7 37. Be5 f6 0-1

[Event "Oslo Sveins op 8th"]
[Site "Oslo"]
[Date "2015.06.21"]
[Round "4"]
[White "Olsen, Robin"]
[Black "Robertsen, Bjorn"]
[Result "1-0"]
[WhiteElo "2029"]
[BlackElo "1710"]
[PlyCount "39"]
[EventDate "2015.06.19"]
[EventType "swiss"]
[EventRounds "9"]
[EventCountry "NOR"]
[SourceTitle "CBM 167 Extra"]
[Source "ChessBase"]
[SourceDate "2015.09.14"]
[SourceVersion "1"]
[SourceVersionDate "2015.09.14"]
[SourceQuality "1"]

1. d4 d5 2. c4 c6 3. Nf3 Nf6 4. Nc3 dxc4 5. a4 Bf5 6. e3 e6 7. Bxc4 Bb4 8. 0-0 0-0 9. Qe2 Nbd7 10. e4 Bg6 11. Bd3 Be7 12. Rd1 Qc7 13. e5 Nd5 14. Bxg6 hxg6 15. Bg5 Qd8 16. Ne4 Bxg5 17. Nfxg5 Re8 18. Qg4 Nf8 19. Qh4 Nd7 20. Nd6 1-0

[Event "Deltalift op"]
[Site "Tylosand"]
[Date "2015.05.15"]
[Round "6"]
[White "Olsen, Robin"]
[Black "Faldt, Magnus"]
[Result "0-1"]
[WhiteElo "2018"]
[BlackElo "2198"]
[PlyCount "86"]
[EventDate "2015.05.14"]
[EventType "swiss"]
[EventRounds "8"]
[EventCountry "SWE"]
[SourceTitle "CBM 166 Extra"]
[Source "ChessBase"]
[SourceDate "2015.06.18"]
[SourceVersion "1"]
[SourceVersionDate "2015.06.18"]
[SourceQuality "1"]

1. d4 d5 2. c4 c6 3. Nf3 Nf6 4. Nc3 dxc4 5. a4 Bf5 6. e3 e6 7. Bxc4 Bb4 8. 0-0 Nbd7 9. Qe2 0-0 10. e4 Bg6 11. Bd3 Be7 12. Bg5 Re8 13. Rfd1 h6 14. Bf4 a5 15. h3 Qb6 16. Be3 Qc7 17. Rac1 Bb4 18. e5 Bxd3 19. Rxd3 Nh7 20. Nh2 f5 21. g4 Rf8 22. gxf5 Rxf5 23. Ne4 Nb6 24. Ng4 h5 25. Nh2 h4 26. Qg4 Nd5 27. Qxh4 Raf8 28. Ng4 Be7 29. Qg3 Kh8 30. Bd2 Qd8 31. Qg2 Ng5 32. Kh1 Nf3 33. Be3 Nh4 34. Qh2 Nb4 35. Nd6 Nxd3 36. Rc3 Bxd6 37. exd6 Nf4 38. Ne5 Qxd6 39. Qg3 Qd5+ 40. f3 Nhg2 41. Rc5 Qb3 42. Nd7 Nxe3 43. Nxf8 Qd1+ 0-1

[Event "Oslo Sveins op 7th"]
[Site "Oslo"]
[Date "2014.06.20"]
[Round "2"]
[White "Olsen, Robin"]
[Black "Getz, Nicolai"]
[Result "0-1"]
[WhiteElo "2031"]
[BlackElo "2388"]
[PlyCount "84"]
[EventDate "2014.06.20"]
[EventType "swiss"]
[EventRounds "9"]
[EventCountry "NOR"]
[SourceTitle "EXT 2015"]
[Source "ChessBase"]
[SourceDate "2014.11.20"]
[SourceVersion "1"]
[SourceVersionDate "2014.11.20"]
[SourceQuality "1"]

1. d4 Nf6 2. c4 g6 3. Nc3 Bg7 4. e4 0-0 5. Be3 d6 6. f3 Na6 7. Bd3 c5 8. d5 Nd7 9. Nh3 Ne5 10. Nf2 f5 11. Qd2 Nb4 12. Be2 f4 13. Bxf4 Rxf4 14. Qxf4 Nc2+ 15. Kd2 Nxa1 16. Rxa1 Bd7 17. Qe3 Qb6 18. b3 Qa5 19. f4 Nf7 20. Rc1 a6 21. Rc2 b5 22. Ke1 Bd4 23. Qg3 Rf8 24. h4 Ne5 25. Nh3 Bxh3 26. gxh3 Bxc3+ 27. Rxc3 Rxf4 28. Qxf4 Qxc3+ 29. Qd2 Qg3+ 30. Kd1 bxc4 31. Bxc4 Qxh4 32. Qg2 a5 33. Be2 Qf4 34. Bg4 Qe3 35. Be2 Qd4+ 36. Kc2 Qa1 37. a4 Qa2+ 38. Kc3 Qb1 39. Bg4 Qc1+ 40. Qc2 Qxc2+ 41. Kxc2 Nxg4 42. hxg4 h5 0-1

[Event "NOR-chT"]
[Site "Fagernes"]
[Date "2013.09.28"]
[Round "4.7"]
[White "Olsen, Robin"]
[Black "Eriksen, Terje"]
[Result "0-1"]
[WhiteElo "2004"]
[BlackElo "2154"]
[PlyCount "118"]
[EventDate "2013.09.27"]
[EventType "team-swiss"]
[EventRounds "6"]
[EventCountry "NOR"]
[SourceTitle "CBM 156 Extra"]
[Source "ChessBase"]
[SourceDate "2013.10.22"]
[SourceVersion "1"]
[SourceVersionDate "2013.10.22"]
[SourceQuality "1"]
[WhiteTeam "Moss"]
[BlackTeam "Drammen"]
[WhiteTeamCountry "NOR"]
[BlackTeamCountry "NOR"]

1. d4 Nf6 2. c4 e6 3. Nf3 d5 4. Nc3 Be7 5. cxd5 exd5 6. Bg5 c6 7. Qc2 Bg4 8. Ne5 Bh5 9. e3 Nbd7 10. Nxd7 Qxd7 11. f3 Bg6 12. Bd3 Bxd3 13. Qxd3 0-0 14. 0-0 Rad8 15. Rad1 Rfe8 16. Bh4 h6 17. a3 Nh5 18. Bf2 f5 19. b4 a6 20. Na4 Bd6 21. Nc5 Qf7 22. Rde1 Re7 23. Bh4 g5 24. Bf2 Qh7 25. a4 Rde8 26. b5 axb5 27. axb5 f4 28. Qxh7+ Kxh7 29. exf4 Rxe1 30. Rxe1 Rxe1+ 31. Bxe1 Bxc5 32. dxc5 Nxf4 33. bxc6 bxc6 34. Bf2 Kg6 35. Kf1 Kf5 36. g3 Ne6 37. Ke2 Ke5 38. Kd3 h5 39. h3 Kf5 40. Be3 h4 41. gxh4 gxh4 42. Bf2 Nf4+ 43. Ke3 Ke5 44. Kd2 d4 45. Bxh4 Nxh3 46. Bg3+ Kd5 47. Bd6 Ng5 48. f4 Ne4+ 49. Kd3 Nf2+ 50. Ke2 Ne4 51. Kd3 Nf2+ 52. Ke2 Ng4 53. Kd3 Nh6 54. Bf8 Nf5 55. Bd6 Nxd6 56. cxd6 Kxd6 57. Kxd4 Ke6 58. Kc5 Kf5 59. Kxc6 Kxf4 0-1

[Event "Fagernes Grand Prix 2013"]
[Site "Fagernes"]
[Date "2013.03.24"]
[Round "1"]
[White "Olsen, Robin"]
[Black "Narheim, Mats"]
[Result "1-0"]
[WhiteElo "1874"]
[BlackElo "875"]
[PlyCount "69"]
[EventDate "2013.03.24"]
[EventType "swiss"]
[EventRounds "5"]
[EventCountry "NOR"]
[SourceTitle "EXT 2024"]
[Source "ChessBase"]
[SourceDate "2023.10.10"]
[SourceVersion "1"]
[SourceVersionDate "2023.10.10"]
[SourceQuality "1"]

1. d4 d5 2. c4 e6 3. Nc3 Nf6 4. cxd5 exd5 5. Bg5 Bb4 6. e3 c6 7. Qc2 0-0 8. Bd3 h6 9. Bh4 Bxc3+ 10. bxc3 Bg4 11. f3 Be6 12. Ne2 Nbd7 13. 0-0 Qc7 14. e4 dxe4 15. fxe4 Ng4 16. Bg3 Ne3 17. Bxc7 Nxc2 18. Bxc2 Rac8 19. Bd6 Rfe8 20. e5 Bc4 21. Rfe1 f6 22. Nf4 fxe5 23. dxe5 Nf8 24. Ng6 Nxg6 25. Bxg6 Re6 26. Bf5 Rce8 27. Bxe6+ Rxe6 28. a4 a5 29. Reb1 Rg6 30. Rxb7 Bd5 31. g3 h5 32. Rf1 h4 33. Rf8+ Kh7 34. Rbb8 hxg3 35. Rh8# 1-0

[Event "NOR-chT Clubs"]
[Site "Fagernes"]
[Date "2012.06.09"]
[Round "2"]
[White "Tari, Aryan"]
[Black "Olsen, Robin"]
[Result "1-0"]
[WhiteElo "2216"]
[BlackElo "1901"]
[PlyCount "83"]
[EventDate "2012.06.08"]
[EventType "team-swiss"]
[EventRounds "6"]
[EventCountry "NOR"]
[SourceTitle "CBM 148 Extra"]
[Source "ChessBase"]
[SourceDate "2012.06.22"]
[SourceVersion "1"]
[SourceVersionDate "2012.06.22"]
[SourceQuality "1"]
[WhiteTeam "Kristiansund"]
[BlackTeam "Moss"]
[WhiteTeamCountry "NOR"]
[BlackTeamCountry "NOR"]

1. Nf3 Nf6 2. g3 g6 3. Bg2 Bg7 4. 0-0 0-0 5. c4 c5 6. Nc3 Nc6 7. d3 d6 8. a3 Bd7 9. Rb1 a5 10. Ne1 Qc8 11. Bg5 Bh3 12. Bxf6 exf6 13. Nd5 Bxg2 14. Nxg2 Rb8 15. b4 axb4 16. axb4 cxb4 17. Rxb4 Re8 18. Rb6 f5 19. e3 g5 20. h4 h6 21. hxg5 hxg5 22. Qh5 g4 23. Nh4 Ne5 24. Nxf5 Qd8 25. Rxd6 Qg5 26. Qxg5 Nf3+ 27. Kg2 Nxg5 28. Rb1 Ne6 29. Rdb6 Nd8 30. Nxg7 Kxg7 31. Nf6 Re6 32. Nxg4 Rxb6 33. Rxb6 Ra8 34. Rd6 Ne6 35. f4 Ra3 36. Ne5 Nc5 37. Kf3 f5 38. Rg6+ Kh8 39. Rg5 Nxd3 40. Nxd3 Rxd3 41. Rxf5 Rc3 42. Rb5 1-0

[Event "NOR-chT Clubs"]
[Site "Drammen"]
[Date "2010.10.10"]
[Round "5"]
[White "Olsen, Robin"]
[Black "Jacobsen, Anders"]
[Result "1-0"]
[WhiteElo "1864"]
[BlackElo "1618"]
[PlyCount "69"]
[EventDate "2010.10.08"]
[EventType "team"]
[EventRounds "6"]
[EventCountry "NOR"]
[SourceTitle "EXT 2015"]
[Source "ChessBase"]
[SourceDate "2014.11.20"]
[SourceVersion "1"]
[SourceVersionDate "2014.11.20"]
[SourceQuality "1"]
[WhiteTeam "Moss"]
[BlackTeam "Alta"]
[WhiteTeamCountry "NOR"]
[BlackTeamCountry "NOR"]

1. d4 d5 2. Nf3 Nf6 3. g3 e6 4. Bg2 b6 5. 0-0 Bb7 6. c4 Nbd7 7. Qa4 Be7 8. Ne5 0-0 9. Nc6 Qe8 10. Nxe7+ Qxe7 11. Nc3 c5 12. cxd5 Nxd5 13. e4 Nc7 14. d5 Ne8 15. Bf4 e5 16. Bd2 Nd6 17. f4 a6 18. Rae1 b5 19. Qc2 Rac8 20. Bh3 f6 21. Nd1 c4 22. Bb4 Ra8 23. Be6+ Kh8 24. Bxd7 Qxd7 25. fxe5 fxe5 26. Ne3 Rxf1+ 27. Rxf1 a5 28. Qf2 h6 29. Bxd6 Qxd6 30. Nf5 Qc7 31. Nh4 Qd6 32. Qf7 Ba6 33. Ng6+ Kh7 34. Nf8+ Kh8 35. Qf5 1-0